Central Library OPAC University of Rajshahi

Integrated delivery system for social services / (Record no. 50991)

MARC details
000 -LEADER
fixed length control field 00878nam a2200253 a 4500
001 - CONTROL NUMBER
control field 50991
003 - CONTROL NUMBER IDENTIFIER
rucl marc code BD-RjUL
005 - DATE AND TIME OF LATEST TRANSACTION
control field 20211209075608.0
008 - FIXED-LENGTH DATA ELEMENTS--GENERAL INFORMATION
fixed length control field 160829s1977 ii a b 001 0 eng
020 ## - INTERNATIONAL STANDARD BOOK NUMBER
Terms of availability Rs30.00 ($8.00 U.S.)
035 ## - SYSTEM CONTROL NUMBER
System control number (BD-RjUL)51111
040 ## - CATALOGING SOURCE
Original cataloging agency DLC
Transcribing agency DLC
Modifying agency BD-RjUL
Language of cataloging eng
041 ## - LANGUAGE CODE
Language code of text/sound track or separate title eng
082 00 - DEWEY DECIMAL CLASSIFICATION NUMBER
Classification number 361.954
Edition number 23
Author mark and year JAI 1977
100 1# - MAIN ENTRY--PERSONAL NAME
Personal name Jagannadham, Vedula
9 (RLIN) 152577
245 10 - TITLE STATEMENT
Title Integrated delivery system for social services /
Statement of responsibility, etc. V. Jagannadham, Mohit Bhattacharya
260 ## - PUBLICATION, DISTRIBUTION, ETC. (IMPRINT)
Place of publication, distribution, etc. New Delhi :
Name of publisher, distributor, etc. Indian Institute of Public Administration,
Date of publication, distribution, etc. c1977
300 ## - PHYSICAL DESCRIPTION
Pagination viii, 85 p. :
Illustrations ill. ;
Size 22 cm.
504 ## - BIBLIOGRAPHY, ETC. NOTE
Bibliography, etc Includes bibliographical references and index.
650 #0 - SUBJECT ADDED ENTRY--TOPICAL TERM
Topical term or geographic name as entry element Social service
Geographic subdivision India
-- Ludhiana.
9 (RLIN) 152578
Topical term or geographic name as entry element Community development
Geographic subdivision India
-- Ludhiana.
9 (RLIN) 152579
700 1# - ADDED ENTRY--PERSONAL NAME
Personal name Bhattacharya, Mohit,
Relator term joint author.
942 ## - ADDED ENTRY ELEMENTS (KOHA)
Source of classification or shelving scheme Dewey Decimal Classification
Koha item type Books
Holdings
Lost status Source of classification or shelving scheme Damaged status Not for loan Collection code Permanent Location Current Location Shelving location Date acquired Source of acquisition Cost, normal purchase price Total Checkouts Full call number Date last seen Copy number Koha item type
  Dewey Decimal Classification     Non-fiction Central Library, University of Rajshahi Central Library, University of Rajshahi   05/02/1983 Tulip ent. dhaka 30.00   361.954 JAI 1977 29/08/2016 C-2 Books